000 00828nam a2200265 4500
003 OSt
005 20260530115256.0
008 260430b2006 enka|||| |||| 00| 0 eng d
020 _a0714843504
020 _a9780714843506
040 _aICI
_bspa
_cICI
041 _aeng
050 4 _aTS140.N69
_bB78 2006
100 1 _aBruce, Gordon P.,
_eautor.
_930464
245 1 0 _aEliot Noyes /
_cGordon Bruce
264 1 _aLondon:
_bPhaidon,
_c2006
300 _a240 pƔginas : hojas (algunas a color)
_bhojas (algunas a color)
336 _atexto
_2rdacontent
337 _asin medio
_2rdamedia
338 _avolumen
_2rdacarrier
600 _aNoyes, Eliot
_d1910-
_930465
650 1 4 _aDiseƱadores industriales
_vBiografia
_zEstados Unidos
_930466
650 1 4 _2Arquitectos
_vBiografia
_zEstados Unidos
_930467
942 _2lcc
_cBK
_n1
999 _c12597
_d12597